000 01425cam a2200349 a 4500
999 _c128274
_d128274
001 15019725
003 ARRUPE
005 20181003095939.0
008 070924s2008 enkab b 001 0 eng
010 _a 2007039701
020 _a9780199286751 (pbk.)
020 _a0199286752 (pbk.)
020 _a9780199286744 (hbk.)
020 _a0199286744 (hbk.)
035 _a(OCoLC)ocn173659535
035 _a(OCoLC)173659535
040 _aDLC
_cDLC
_dDLC
043 _af------
050 0 0 _aP119.32.A3
_bL364 2008
082 0 0 _a306.44/96
_222
084 _a17.24
_2bcl
245 0 0 _aLanguage and national identity in Africa /
_cedited by Andrew Simpson.
260 _aOxford ;
_aNew York :
_bOxford University Press,
_c2008.
300 _axiii, 367 p. :
_bill., maps ;
_c26 cm.
440 _aOxford linguistics
_942623
504 _aIncludes bibliographical references (p. [339]-362) and index.
650 0 _aNationalism
_zAfrica.
_99483
650 0 _aAnthropological linguistics
_zAfrica.
_942624
651 0 _aAfrica
_xLanguages
_xPolitical aspects.
_942625
700 1 _aSimpson, Andrew,
_d1962-
_942626
_eed.
856 4 1 _3Table of contents
_uhttp://www.loc.gov/catdir/toc/fy0804/2007039701.html
906 _a7
_bcbc
_corignew
_d1
_eecip
_f20
_gy-gencatlg
942 _2lcc
_cMONOGRAPH